Central Library OPAC University of Rajshahi

School furniture development : (Record no. 26644)

MARC details
000 -LEADER
fixed length control field 00889cam a2200277 a 4500
001 - CONTROL NUMBER
control field 26644
003 - CONTROL NUMBER IDENTIFIER
rucl marc code BD-RjUL
005 - DATE AND TIME OF LATEST TRANSACTION
control field 20211209051039.0
008 - FIXED-LENGTH DATA ELEMENTS--GENERAL INFORMATION
fixed length control field 750430s1975 fr a b i000 0 eng
020 ## - INTERNATIONAL STANDARD BOOK NUMBER
International Standard Book Number 9231012339
035 ## - SYSTEM CONTROL NUMBER
System control number (BD-RjUL)26714
040 ## - CATALOGING SOURCE
Original cataloging agency LC
Language of cataloging eng
Transcribing agency LC
Modifying agency LC
041 ## - LANGUAGE CODE
Language code of text/sound track or separate title eng
082 00 - DEWEY DECIMAL CLASSIFICATION NUMBER
Classification number 371.63
Author mark and year SCS 1975
110 0# - MAIN ENTRY--CORPORATE NAME
Corporate name or jurisdiction name as entry element Scriven (F. B.) & Associates.
9 (RLIN) 107190
245 10 - TITLE STATEMENT
Title School furniture development :
Remainder of title an evaluation /
Statement of responsibility, etc. by F. B. Scriven & Associates.
260 ## - PUBLICATION, DISTRIBUTION, ETC. (IMPRINT)
Place of publication, distribution, etc. Paris :
Name of publisher, distributor, etc. Unesco,
Date of publication, distribution, etc. c1975
300 ## - PHYSICAL DESCRIPTION
Pagination 54 p. :
Illustrations ill. ;
Size 27 cm.
504 ## - BIBLIOGRAPHY, ETC. NOTE
Bibliography, etc Bibliography: p. 53-54.
650 #0 - SUBJECT ADDED ENTRY--TOPICAL TERM
Topical term or geographic name as entry element Schools
General subdivision Furniture, equipment, etc.
9 (RLIN) 81871
830 ## - SERIES ADDED ENTRY--UNIFORM TITLE
Uniform title Educational studies and documents. new ser. ; no. 16
942 ## - ADDED ENTRY ELEMENTS (KOHA)
Source of classification or shelving scheme Dewey Decimal Classification
Koha item type Documents
Holdings
Lost status Source of classification or shelving scheme Damaged status Not for loan Collection code Permanent Location Current Location Shelving location Date acquired Source of acquisition Cost, normal purchase price Total Checkouts Full call number Date last seen Copy number Koha item type
  Dewey Decimal Classification   Not For Loan Non-fiction Central Library, University of Rajshahi Central Library, University of Rajshahi Documentation Section 15/08/1987 Unesco 0.00   DOC 371.63 SCS 1975 23/03/2014 C-1 Documents
  Dewey Decimal Classification     Non-fiction Central Library, University of Rajshahi Central Library, University of Rajshahi Documentation Section 15/08/1987 Unesco 0.00   DOC 371.63 SCS 1975 21/05/2014 C-2 Documents